00613cam a22002173a 45000010005000000030006000050050017000110080041000280400015000690420007000840500007000911000030000982450069001282600029001975060030002265160020002566530019002766530031002958300028003268560041003545872PGUSA20140828083125.0040601s2004||||xxu|||||s|||||000 1 eng d aPGUSAbeng adc 4aPR1 aShaw, Bernard,d1856-195010aCashel Byron's Professionh[electronic resource] /cBernard Shaw bProject Gutenberg,c2004 aPublic domain in the USA. aElectronic text aBoxing stories aBoxers (Sports) -- Fiction 0aProject Gutenbergv587240uhttp://www.gutenberg.org/ebooks/5872